Handbook of plant virology (Record no. 200792)

MARC details
000 -LEADER
fixed length control field 00769nam a2200241Ia 4500
008 - FIXED-LENGTH DATA ELEMENTS--GENERAL INFORMATION
fixed length control field 191130s2006##################000#0#eng##
020 ## - INTERNATIONAL STANDARD BOOK NUMBER
ISBN 1560229780
082 ## - DEWEY DECIMAL CLASSIFICATION NUMBER
Classification number 579.28 KHA
245 ## - TITLE STATEMENT
Title Handbook of plant virology
Statement of responsibility, etc Jawaid A. Khan, Jeanne Dijkstra, editors
260 ## - PUBLICATION, DISTRIBUTION, ETC. (IMPRINT)
Place of publication New York
Name of publisher Food Products Press
Year of publication 2006
300 ## - PHYSICAL DESCRIPTION
Number of Pages xviii, 452 p. : ill. (some col.) ; 23 cm
500 ## - GENERAL NOTE
General note Includes bibliographical references and index
650 ## - SUBJECT ADDED ENTRY--TOPICAL TERM
Topical Term Plant Viruses - Handbooks
Topical Term Plant viruses - Handbooks, manuals, etc
Topical Term RNA Viruses - Handbooks
700 ## - ADDED ENTRY--PERSONAL NAME
Personal name Dijkstra, Jeanne
Personal name Khan, Jawaid A
991 ## -
-- 232947
Holdings
Withdrawn status Lost status Damaged status Not for loan Home library Current library Shelving location Date acquired Full call number Accession Number Price effective from Koha item type
        Anna Centenary Library Anna Centenary Library 5TH FLOOR, A WING 13.10.2020 579.28 KHA 147558 13.10.2020 English Books

Find us on the map